Religion Quiz

Random Religion or Author Quiz

Contemporary Christian Song Authors Quiz Stats

 Plays Quiz not verified by Sporcle

Challenge
Share
Tweet
Embed
Score 0/10 Timer 02:00
1 Play Today
% Correct
MercyMe
84.7%
Casting Crowns
79.5%
Chris Tomlin
71.1%
Kutless
62.1%
Jeremy Camp
58.4%
Third Day
48.4%
Steven Curtis Chapman
40%
Natalie Grant
28.4%
Nicole C. Mullen
26.3%
Mac Powell
15.3%

You're not logged in!

Compare scores with friends on all Sporcle quizzes.
Join for Free
OR
Log In

You Might Also Like...

Show Comments

Extras

Top Quizzes Today


Score Distribution

Your Account Isn't Verified!

In order to create a playlist on Sporcle, you need to verify the email address you used during registration. Go to your Sporcle Settings to finish the process.

Report this User

Report this user for behavior that violates our Community Guidelines.

Details: